Finances In The Pauline Churches (Record no. 15)
[ view plain ]
| 000 -LEADER | |
|---|---|
| fixed length control field | 00414nam a22001337a 4500 |
| 008 - FIXED-LENGTH DATA ELEMENTS--GENERAL INFORMATION | |
| fixed length control field | 250129b |||||||| |||| 00| 0 eng d |
| 020 ## - INTERNATIONAL STANDARD BOOK NUMBER | |
| International Standard Book Number | 978-978-996-504-5 |
| 100 ## - MAIN ENTRY--PERSONAL NAME | |
| Personal name | Datiri, Dachollom C. |
| Dates associated with a name | 2020 |
| Date of a work | 1996 |
| Language of a work | English |
| 245 ## - TITLE STATEMENT | |
| Title | Finances In The Pauline Churches |
| 260 ## - PUBLICATION, DISTRIBUTION, ETC. | |
| Place of publication, distribution, etc. | United Kingdom: |
| Name of publisher, distributor, etc. | Baraka Press, |
| Place of manufacture | Lynx |
| Manufacturer | Lynx Communications |
| Date of manufacture | 1996 |
| 300 ## - PHYSICAL DESCRIPTION | |
| Extent | xxvii,323ps. |
| Dimensions | 21cm |
| 942 ## - ADDED ENTRY ELEMENTS (KOHA) | |
| Source of classification or shelving scheme | Dewey Decimal Classification |
| Call number prefix | 1997 |
No items available.
